Firma digital y Administraciones Públicas (Registro nro. 160651)

Detalles MARC
000 -LEADER
fixed length control field 01475nam a2200325 a 4500
008 - FIXED-LENGTH DATA ELEMENTS--GENERAL INFORMATION
fixed length control field 030917s2003 sp a || 100 ||spa||
017 ## -
-- DL M. 27999-2003
020 ## - INTERNATIONAL STANDARD BOOK NUMBER
International Standard Book Number 8470882414
035 ## -
-- 5630
040 ## - CATALOGING SOURCE
Modifying agency vLex
080 ## -
-- 681.3:343.7
090 ## -
-- 2219
-- 2219
111 2# -
-- Jornadas sobre firma digital y Administraciones Públicas
-- (2002 :
-- Madrid)
245 10 - TITLE STATEMENT
Title Firma digital y Administraciones Públicas
Medium [Recurso electrónico]
256 ## -
-- Servicio en línea.
260 ## - PUBLICATION, DISTRIBUTION, ETC. (IMPRINT)
Place of publication, distribution, etc Madrid :
Name of publisher, distributor, etc Instituto Nacional de Administración Pública,
Date of publication, distribution, etc 2003
300 ## - PHYSICAL DESCRIPTION
Extent 144 p.;
Dimensions 24 cm
490 1# - SERIES STATEMENT
Series statement Informes y documentos
506 1# - RESTRICTIONS ON ACCESS NOTE
Terms governing access Contenido solo disponible en los productos indicados
Authorized users vLex Global
-- vLex Global (Academic Edition, excluding Law Schools)
-- vLex Global (U.S. Academic Edition, Law Schools)
-- vLex Global (U.S. Academic Edition, excluding Law Schools)
-- vLex Global (Academic Edition, Law Schools)
650 07 - SUBJECT ADDED ENTRY--TOPICAL TERM
Topical term or geographic name as entry element Administración pública
Source of heading or term Tesauro vLex
650 07 - SUBJECT ADDED ENTRY--TOPICAL TERM
Topical term or geographic name as entry element Firma
Source of heading or term Tesauro vLex
650 07 - SUBJECT ADDED ENTRY--TOPICAL TERM
Source of heading or term Tesauro vLex
Topical term or geographic name as entry element Nuevas tecnologías
650 07 - SUBJECT ADDED ENTRY--TOPICAL TERM
Source of heading or term Tesauro vLex
Topical term or geographic name as entry element Tecnologías de la información
710 1# - ADDED ENTRY--CORPORATE NAME
Corporate name or jurisdiction name as entry element Instituto Nacional de Administración Pública (España)
740 0# -
-- vLex Libros (Servicio en línea)
830 #0 -
-- Informes y documentos (España. Ministerio de Administraciones Públicas)
856 40 - LOCALIZACIÓN Y ACCESO ELECTRÓNICO
Identificador Uniforme del Recurso (URI/URL) https://app.vlex.com/#/sources/firma-digital-administraciones-publicas-5630
942 ## -
-- RAA
999 ## -
-- 160651
-- 160651

No hay ítems disponibles.


CONTACTO


NOSOTROS


SITIOS DE INTERES

coordinacion.biblioteca.biblioteca@unienlinea.mx Misión, Visión y Objetivos Bases de datos
Directorio Bibliotecas Digitales y Repositorios
Normatividad Revistas y artículos
Convenios interbibliotecarios
Boletines



Hecho en México. Universidad Insurgentes (UIN). Todos los derechos reservados 2024. Esta página y sus contenidos pueden ser reproducidos con fines no lucrativos, siempre y cuando no se mutile, se cite la fuente completa y su dirección electrónicas. De otra forma requiere permiso previo por escrito de la institución




2024 Copyright Universidad Insurgentes | www.bibliouin.com.mx